LDR 00874naa#a2200169#i#450# 001 RU\INFRA-M\bibl\125832 005 20260704162750.6 011 ## _a2306-627X 100 ## _a20260615b2026####ek#y0rusy0150####ca 102 ## _aRU 200 1# _aОптимизация количества персонала предприятия на базе производительности труда и бюджетного ограничения _eЖурнальная статья 210 1# _aМосква _cОбщество с ограниченной ответственностью «Научно-издательский центр ИНФРА-М» _d2026 215 ## _a4 с. 608 ## _aЖурнальная статья _2local 675 ## _aРегиональная экономика. Территориальная экономика. 332.1 _z 700 #1 _aЖуков _gВ. Р. 856 4# _azh-szf.ru _u